000 00347nam a22001337a 4500
008 250313b |||||||| |||| 00| 0 eng d
020 _a9789789722747
050 _aZ678.9
_b.I54
100 _aUnegbu Enyeribe Vincent
245 _aInformation for Diverse User Growth
260 _aLagos
_bJamiro Press Link
_c2019
300 _axi,380p
942 _cBK
999 _c2292
_d2292